Queen - Le Quiz - Statistiques

Statistiques générales
  • Ce quiz a été pris 259 fois
  • Le résultat moyen est 6 sur 15
Statistiques - réponses
Question Réponse % Correct
Quel album contient le hit mondial Bohemian Rhapsody ? A night at the opera
79%
Quel est le premier membre du groupe à se lancer en solo en 1977 ? Roger Taylor
65%
Qui a composé Another one bites the dust ? John Deacon
63%
Quel chanteur reprend le tube Somebody to Love lors du concert hommage à Freddie Mercury en 1992 ? George Michael
46%
Freddie Mercury est né Farrokh Bulsara, sur l'île de Zanzibar au large de l'Afrique. A quel pays Zanzibar est-il rattaché de nos jours ? Tanzanie
46%
De quel film "space-opéra" Queen signe-t-il la bande originale en 1980 ? Flash Gordon
41%
Pour quel film est composé la majeure partie des chansons de l'album A Kind of Magic ? Highlander
40%
Quelle chanson sortie en 1979 est un hommage à Elvis Presley, décédé deux ans auparavant ? Crazy little thing called Love
39%
Qui est le chanteur qui, par son désistement, va permettre à Queen de se produire dans la très populaire émission Top of the Pops en 1974 ? David Bowie
39%
Quel est le nom de la guitare de Brian May, fabriquée par son père et lui-même ? Red special
39%
Quel album de Queen, incluant les titres We will rock you et We are the champions, est aussi le nom d'un ancien tabloïd anglais ? News of the World
35%
Quelle chanson - valant un procès en diffamation à Queen - est dédiée à leur ancien producteur ? Death on two legs
23%
Quelle chanson aux sonorités hard et speed-metal évoque une ville balnéaire britannique ? Brighton Rock
20%
A quel film le clip de Radio Ga Ga rend-il hommage ? Metropolis
17%
Quelle ville varoise est la seule à accueillir la tournée The Magic Tour en 1986 ? Fréjus
12%
Aucun quiz correspondant
Distribution des résultats
% des personnes avec chaque résultat
Percentile par nombre de réponses
Votre historique - résultats
Vous n’avez pas pris ce quiz